000
00331nam a2200145Ia 4500
008
221030s9999 xx 000 0 und d
041
_a
English
082
_a
105.23
_b
Lan
100
_a
G. Langley
245
0
_a
Telecommunication Primer
260
_b
Galgotia Pub
_a
New Delhi
_c
1986
300
_a
148
650
_a
ECE
942
_c
BK
999
_c
7155
_d
7155